Hull City Trivia - Statistics

General Stats
  • This quiz has been taken 45 times
  • The average score is 10 of 17
Answer Stats
Question Answer % Correct
What is Hull City’s nickname? The {Tigers}
100%
What is the name of Hull City’s stadium? MKM Stadium
94%
Who is Hull City’s record sale, departing for £22m to West Ham United in 2020? Jarrod Bowen
78%
With which two clubs does Hull City contest the Humber Derbies? Grimsby Town
72%
Who is the current captain of Hull City? Lewie Coyle
72%
Who scored the only goal of the 2008 Championship Play-Off Final, as Hull City beat Bristol City to reach the top flight for the first time? Dean Windass
67%
With which two clubs does Hull City contest the Humber Derbies? Scunthorpe United
67%
In 2008, which Hull City manager famously gave his half-time team talk on the pitch? Phil Brown
64%
What is the name of the businessman who owned Hull City from 2010 to 2022 and made numerous unsuccessful attempts to change the club name? Assem Allam
58%
Who is Hull City’s record signing, arriving from Tottenham Hotspur for £13m in 2016? Ryan Mason
58%
From 1946 to 2002, Hull City played at which ground? Boothferry Park
56%
Who scored in the 4th and 8th minutes to put Hull City 2-0 up in the 2014 FA Cup Final, which they eventually lost 3-2 to Arsenal? Curtis Davies
56%
Who is the current head coach of Hull City? Sergej Jakirović
56%
Which Englishman is Hull City’s record goalscorer with 222? Chris Chilton
53%
Who scored in the 4th and 8th minutes to put Hull City 2-0 up in the 2014 FA Cup Final, which they eventually lost 3-2 to Arsenal? James Chester
47%
Which Hull City legend was voted in 2000, 2004 and 2007 as the club’s greatest ever player? Ken Wagstaff
33%
Which Scotsman is Hull City’s record appearance-maker with 579? Jock Davidson
11%
No matching quizzes found
Score Distribution
Percent of People with Each Score
Percentile by Number Answered
Your Score History
You have not taken this quiz